书目信息 |
| 题名: |
桥梁下部结构及基础加固成套技术
|
|
| 作者: | 谌洁君 , 叶鹏飞 编著 | |
| 分册: | ||
| 出版信息: | 北京 人民交通出版社股份有限公司 2019.12 |
|
| 页数: | 317页 | |
| 开本: | 29cm | |
| 丛书名: | ||
| 单 册: | ||
| 中图分类: | U443 | |
| 科图分类: | ||
| 主题词: | 桥梁结构--qiao liang jie gou--下部结构--地基处理 | |
| 电子资源: | ||
| ISBN: | 978-7-114-16102-5 | |
| 000 | 01048nam0 2200277 450 | |
| 001 | 0100028339 | |
| 005 | 20211025120158.0 | |
| 010 | @a978-7-114-16102-5@dCNY78.00 | |
| 100 | @a20200928d2019 em y0chiy50 ea | |
| 101 | 0 | @achi |
| 102 | @aCN@b110000 | |
| 105 | @aa a 000yy | |
| 106 | @ar | |
| 200 | 1 | @a桥梁下部结构及基础加固成套技术@Aqiao liang xia bu jie gou ji ji chu jia gu cheng tao ji shu@f谌洁君, 叶鹏飞编著 |
| 210 | @a北京@c人民交通出版社股份有限公司@d2019.12 | |
| 215 | @a317页@c图@d29cm | |
| 312 | @a英文题名取自封面 | |
| 320 | @a有书目 | |
| 330 | @a本书分七篇, 内容包括: 绪论 ; 既有桥梁加固技术 ; 桥墩加固成套技术 ; 桥台加固成套技术 ; 地基与基础加固成套技术 ; 其他下部结构加固技术 ; 综合实例。 | |
| 510 | 1 | @aComplete technology of bridge substructure and foundation reinforcement@zeng |
| 606 | 0 | @a桥梁结构@Aqiao liang jie gou@x下部结构@x地基处理 |
| 690 | @aU443@v5 | |
| 701 | 0 | @a谌洁君@Achen jie jun@4编著 |
| 701 | 0 | @a叶鹏飞@Aye peng fei@4编著 |
| 801 | 0 | @aCN@c20210909 |
| 905 | @a河南城建学院图书馆@dU443@eC674 | |
| 桥梁下部结构及基础加固成套技术/谌洁君, 叶鹏飞编著.-北京:人民交通出版社股份有限公司,2019.12 |
| 317页:图;29cm |
| ISBN 978-7-114-16102-5:CNY78.00 |
| 本书分七篇, 内容包括: 绪论 ; 既有桥梁加固技术 ; 桥墩加固成套技术 ; 桥台加固成套技术 ; 地基与基础加固成套技术 ; 其他下部结构加固技术 ; 综合实例。 |
| ● |
| 相关链接 |
|
|
|
正题名:桥梁下部结构及基础加固成套技术
索取号:U443/C674
 
预约/预借
| 序号 | 登录号 | 条形码 | 馆藏地/架位号 | 状态 | 备注 |
| 1 | 1545172 | 215451721 | 自科库501/501自科库 54排1列2层/ [索取号:U443/C674] | 在馆 | |
| 2 | 1545173 | 215451730 | 自科库501/501自科库 54排1列2层/ [索取号:U443/C674] | 在馆 |